Stati per Ore di lavoro medie annue - Statistics

Statistiche generali
  • Questo quiz è stato fatto 10 volte
  • Il punteggio medio è 6 su 10
Statistiche sulle risposte
Ore di lavore medie annue Continente Nazione % Corretto
2 185,45 Asia Cina
100%
2 232,35 Asia Bangladesh
89%
2 255,00 America del Nord Messico
78%
2 455,55 Asia Cambogia
67%
2 185,58 Asia Thailandia
67%
2 437,86 Asia Birmania
44%
2 238,27 Asia Malaysia
44%
2 212,38 America del Nord Costa Rica
33%
2 209,09 Africa Sudafrica
22%
2 255,73 Asia Singapore
11%
Nessun quiz corrispondente trovato
Distribuzione punteggi
Percentuale di utenti per punteggio
Percentile per numero di risposta
I tuoi punteggi nel tempo
Non hai fatto questo quiz